Drive My Car Lyrics - The Beatles - Statistics

General Stats
  • This quiz has been taken 504 times
  • The average score is 167 of 194
Answer Stats
Lyrics % Correct
car
100%
drive
100%
my
100%
a
99%
baby,
99%
Baby,
99%
be
99%
can
99%
I
99%
you
99%
star
97%
love
95%
And
94%
and
94%
gonna
91%
When
91%
Yes,
91%
I'm
90%
to
90%
she
88%
She
88%
girl
86%
the
84%
said
83%
see
83%
what
82%
in
81%
wanna
81%
wanted
81%
can't
80%
But
79%
do
79%
Asked
76%
something
76%
Beep
75%
beep
75%
beep'm
75%
yeah!
75%
between
74%
famous,
74%
I'll
74%
maybe
74%
that
74%
it's
72%
on
72%
screen
70%
good
65%
got
65%
better
64%
show
64%
told
64%
is
63%
understood
63%
no
62%
time
62%
were
62%
for
60%
say
60%
all
59%
fine
57%
that's
57%
start
56%
very
56%
driver
53%
heart
53%
I've
53%
prospects
53%
breaking
52%
peanuts
52%
Working
50%
found
47%
listen,
46%
away
44%
babe,
40%
right
40%
No matching quizzes found
Score Distribution
Percent of People with Each Score
Percentile by Number Answered
Your Score History
You have not taken this quiz